Responses for Show #6139 - Thursday, April 28, 2011

Contestants

[<< previous game]

Maya Zwerdling, a medical assistant from Arcata, California

Joe McKee, a percussionist from Palos Heights, Illinois

Denis Theriault, a reporter and editor from Portland, Oregon (whose 1-day cash winnings total $19,199)

[next game >>]

Jeopardy! Round responses

LITERARY TITLE ANIMALS
LUCILLE BALL'S 100th BIRTHDAY
FRUITS & NUTS
LET'S PLAY CARDS
STATE FLAGS
"CHARM"ED, I'M SURE
    $200 8
Bear

Triple Stumper
    $200 1
Scarlett O'Hara

Maya
    $200 2
macadamia

Denis
    $200 13
gin

Joe
    $200 18
Connecticut

Denis
    $200 23
a charm bracelet

Triple Stumper
    $400 9
Wolf

Denis
    $400 3
Desi Arnaz

Maya
    $400 4
pear

Maya
    $400 14
bridge

Joe
    $400 19
justice

Maya
    $400 24
Prince Charming

Triple Stumper
    $600 28
Fox

Denis
    $600 10
the Three Stooges

Joe
    $600 5
(Denis: What are cherries?)
(Joe: What are grapefruit?)

grape

DenisJoeMaya
    $600 15
spider

Denis
    $600 20
an eagle

Denis
    $600 25
a snake charmer

Joe
    $800 29
(Denis: What is Rhinoceros?)
(Joe: What is Unicorn?)

Rhinos

DenisJoe
Triple Stumper
    $800 11
Mame

Joe
    $800 6
cashew

Triple Stumper
    $1,000 16
(Denis: What is Euchre?)

canasta

Denis
    $800 21
Colorado

Joe
    $800 26
a charm school

Denis
    $1000 30
Tiger

Maya
    $1000 12
Jamestown

Denis
    $1000 7
Fuji

Joe
    $1000 17
pinochle

Joe
    $1000 22
Wyoming

Triple Stumper
    $1000 27
works like a charm

Maya

Scores at the first commercial break (after clue 15):

Denis Joe Maya
$1,600 $2,400 $1,600

Scores at the end of the Jeopardy! Round:

Denis Joe Maya
$2,000 $4,000 $4,000

Double Jeopardy! Round responses

WAR!
"HU"!
GOOD GOD, Y'ALL
BIOGRAPHY SUBJECTS
NAME THE OSCAR-WINNING DIRECTOR
SPORTS SCIENCE
(Jimmy: Since 1988 the Gatorade Sports Science Institute has been committed to helping athletes optimize their health and performance.)
    $400 1
the Falkland

Joe
    $400 11
huckleberry

Denis
    $400 6
Athena

Maya
    $400 20
(Sigmund) Freud

Maya
    $400 26
(Peter) Jackson

Joe
    $400 21
protein

Maya
    $800 2
the Korean War

Maya
    $800 12
hulk

Denis
    $800 7
Thor

Joe
    $800 19
Bernie Madoff

Denis
    $800 30
Warren Beatty

Denis
    $800 22
glucose

Denis
    $1200 3
the War of 1812

Joe
    $1200 13
a hushpuppy

Denis
    $1200 8
(Denis: What is wind?)

love

Denis
Triple Stumper
    $2,000 16
Julia Child

Denis
    $1200 27
Kathryn Bigelow

Denis
    $1200 23
oxygen & carbon dioxide

Joe
    $2,400 4
the Peloponnesian War

Joe
    $1600 14
a hurricane

Maya
    $1600 9
Bacchus

Joe
    $1600 17
Roald Dahl

Denis
    $1600 28
(Richard) Attenborough

Joe
    $1600 24
(Denis: What is a calarometer?)

an ergometer

Denis
Triple Stumper
    $2000 5
the Gulf of Tonkin Resolution

Denis
    $2000 15
hubble

Denis
    $2000 10
Quetzalcoatl

Denis
    $2000 18
Victoria & Albert

Maya
    $2000 29
(Joe: [No response])

Michael Cimino

Joe
Triple Stumper
    $2000 25
electrolytes

Maya

Scores at the end of the Double Jeopardy! Round:

Denis Joe Maya
$14,800 $11,600 $11,600

[wagering suggestions for these scores]

Final Jeopardy! Round responses

U.S. PRESIDENTS
(Alex: President Reagan took them off in 1986 so they were put on before then.)
JoeWho is Carter?
$11,000
MayaWho is Carter?
$5,201
DenisWho is George W. Bush?
$8,401
Jimmy Carter

Final scores:

Denis Joe Maya
$6,399 $22,600 $16,801
3rd place: $1,000 New champion: $22,600 2nd place: $2,000

Game dynamics:

Coryat scores:

Denis Joe Maya
$15,000 $10,800 $11,600
20 R
(including 1 DD),
5 W
(including 1 DD)
16 R
(including 1 DD),
3 W
14 R,
0 W

Combined Coryat: $37,400

[game clues] [game scores] [suggest correction]

Game tape date: 2011-02-01
The J! Archive is created by fans, for fans. Scraping, republication, monetization, and malicious use prohibited; this site may use cookies and collect identifying information. See terms. The Jeopardy! game show and all elements thereof, including but not limited to copyright and trademark thereto, are the property of Jeopardy Productions, Inc. and are protected under law. This website is not affiliated with, sponsored by, or operated by Jeopardy Productions, Inc. Join the discussion at JBoard.tv.